| 000 | 00552nam a2200181Ia 4500 | ||
|---|---|---|---|
| 003 | GCL | ||
| 008 | 140319s9999 xx 000 0 ara d | ||
| 040 |
_aGCL / _cGCL |
||
| 082 | 0 | 4 |
_a658.562 _bج ا |
| 100 | 1 | _aجورج، ستيفن | |
| 245 | 1 | 0 |
_aادارة الجودة الشاملة / _cجورج، ستيفن |
| 260 |
_aالقاهرة : _bدار البشير |
||
| 300 |
_a311 ص ؛ _c24 سم |
||
| 650 | 0 | 4 | _aجودة الانتاج |
| 650 | 0 | 4 | _aادارة الادارة |
| 650 | 0 | 4 | _aادارة الجودة الشاملة |
| 942 |
_2ddc _cBK |
||
| 999 |
_c5085 _d5085 |
||